| 000 | 01099cam a22003257a 4500 | ||
|---|---|---|---|
| 003 | CHAP | ||
| 005 | 20220329140326.0 | ||
| 008 | 971013s1986 r 00010 d | ||
| 010 | _a50417 | ||
| 011 | _a51389 | ||
| 035 | _a55539 | ||
| 040 | _cCHAP | ||
| 090 | _aTesis | ||
| 100 | 0 | 0 |
_aRodríguez Cruz, Enrique. _998419 |
| 245 | 1 | 3 | _aEl cultivo de pepino (Cucumis stivus L.) en hidroponia bajo el sistema en grava con subirrigación |
| 260 |
_aChapingo, Méx. : _bEl autor, _c1986 |
||
| 300 |
_a86 h. _b: ilus. ; gráfs. |
||
| 502 | _aTesis (Ing. Agr. Esp. en Fitotecnia) -- UACH. Departamento de Fitotecnia | ||
| 590 |
_aALEPH _b10 _c20130110 _lUCH01 _h1324 |
||
| 590 |
_aBATCH-UPD _b10 _c20130110 _lUCH01 _h0427 |
||
| 590 |
_aBATCH-UPD _b10 _c20130110 _lUCH01 _h2223 |
||
| 590 |
_aBATCH-UPD _b10 _c20130410 _lUCH01 _h0102 |
||
| 590 |
_aBATCH-UPD _b10 _c20130914 _lUCH01 _h1616 |
||
| 590 |
_aCONVERSION _b10 _c20130109 _lUCH01 _h1327 |
||
| 650 | 1 | 4 |
_aHidroponía. _955280 |
| 650 | 1 | 4 |
_aPepino _xIrrigación. _986913 |
| 901 | _aBK | ||
| 942 | _cTESIS | ||
| 949 |
_bBC _cTES _d-121780 _eTS1 _h18388 _i55539 _si |
||
| 999 |
_c50417 _d50417 |
||